Интенсификация процесса экстракции лекарственных препаратов из растительного сырья; Методы исследования в химии и химической технологии

Bibliografiske detaljer
Parent link:Методы исследования в химии и химической технологии.— 1986.— С. 145-150
Hovedforfatter: Витюгин В. М.
Andre forfattere: Чистохин Ю. Г., Полтавцев В. И.
Summary:Деп. в ООНИИТЭХИМ, Г. Черкассы, 18.07.86, № 897-ХП-86
Sprog:russisk
Udgivet: 1986
Fag:
Format: MixedMaterials Book Chapter
KOHA link:https://koha.lib.tpu.ru/cgi-bin/koha/opac-detail.pl?biblionumber=594182

MARC

LEADER 00000naa0a2200000 4500
001 594182
005 20250203141806.0
035 |a (RuTPU)RU\TPU\tpu\8586 
035 |a RU\TPU\tpu\8585 
090 |a 594182 
100 |a 20020516d1986 k y0rusy50 ca 
101 0 |a rus 
102 |a RU 
200 1 |a Интенсификация процесса экстракции лекарственных препаратов из растительного сырья  |f В. М. Витюгин, Ю. Г. Чистохин, В. И. Полтавцев 
300 |a Деп. в ООНИИТЭХИМ, Г. Черкассы, 18.07.86, № 897-ХП-86 
463 |t Методы исследования в химии и химической технологии  |o материлы научно-практической конференции (Томск, 20-22 мая 1986)  |o секция "Процессы, машины и аппараты химических производств"  |v С. 145-150  |d 1986 
610 1 |a труды учёных ТПУ 
700 1 |a Витюгин  |b В. М.  |c доктор технических наук  |c ХТФ  |f 1927-  |3 (RuTPU)RU\TPU\pers\3448 
701 1 |a Чистохин  |b Ю. Г.  |f 1938-  |3 (RuTPU)RU\TPU\pers\3533 
701 1 |a Полтавцев  |b В. И.  |f 1938-  |3 (RuTPU)RU\TPU\pers\3535 
801 2 |a RU  |b 63413507  |c 20100127  |g PSBO 
942 |c BK